000 03403nam a2200481 a 4500
003 CHAP
005 20250121133629.0
007 cr ||||||a|c|a
008 110120s2010 mx r 00010 spa d
035 _a111960
040 _cCHAP
090 _aTesis
100 1 _aCastillo Ortega, José Feliciano.
_920191
245 1 0 _aRespuesta del tomate (Lycopersicum esculentum Mill.) al acochado plástico y niveles de riego aplicados con cintilla
_c/por José Feliciano Castillo Ortega; director de tesis Marco Antonio Inzunza Ibarra.
264 1 _bEl autor,
_c2010
_achapingo, Méx. :
300 _a1 recurso en línea (81 páginas):
_bcuadros, figuras.
336 _2rdacontent
_atexto
_btxt
337 _2rdamedia
_acomputadora
_bc
338 _2rdacarrier
_arecursos en línea
_bcr
502 _bISA
_cURUZA
_d2010
_gLIC
520 _aEl ensayo se llevó a cabo en las instalaciones experimentales del CENID-RASPA, INIFAP, en Gómez Palacio Durango, se evaluó el rendimiento y la eficiencia en el uso del agua (EUA), para el cultivo de tomate, variedad Yaqui, consistió en 12 tratamientos de una factorial 3x2x2, distribuidos en forma aleatoria en un diseño experimental completamente al azar. El primer factor Consistió de tres niveles: acolchado negro, acolchado plata y sin acolchar, el segundo factor fue el riego con cintilla a dos diferentes profundidades (enterrada a 25 cm y superficial). El tercer Factor fueron dos niveles de aplicación de agua, regar el 90% y 100% de la Evapotranspiración de referencia (ETm) Los resultados más altos de rendimiento de fruta y EUA, se mostraron en los tratamientos acolchados, con respecto a los tratamientos sin acolchar, estos fueron superiores en 44.9 y 33.3 % para color plata, negro con respecto al sin acolchar y superaron a este con un 45.1 y 36.8 para el caso de la EUA. En el tratamiento con acolchado plata, el rendimiento fue más alto, aunque no fue estadísticamente significativo, la colocación de la cintilla no influyó significativamente en los factores evaluados. Los niveles de riego influyeron significativamente en el rendimiento en un 12.6% el 90% de ETm (46 cm), con respecto al del 100% de la ETm (51 cm), esto posiblemente a la lixiviación de nutrientes. En cuanto a la EUA, se tuvo una diferencia significativa en los tratamientos con acolchado plata y negro con respecto al sin acolchado, con una producción media de 7.5, 6.5 y 4.1 kg m-3 respectivamente.
590 _aALEPH
_b10
_c20130110
590 _aBATCH-UPD
_b10
_c20130110
590 _aBATCH-UPD
_b10
_c20130410
590 _aBATCH-UPD
_b10
_c20130913
590 _aBATCH-UPD
_b10
_c20140324
590 _aBATCH-UPD
_b10
_c20141002
590 _aBATCH
_b00
_c20181121
590 _aCONVERSION
_b10
_c20130109
650 1 4 _aAcolchado de suelos.
_9623
650 1 4 _aCultivos
_xComarca Lagunera.
_930242
650 1 4 _aPlásticos en agricultura.
_989199
650 1 4 _aRiego por cintillas.
_997377
650 1 4 _aTomate.
_9113672
700 1 _aInzunza Ibarra, Marco Antonio
_960262
_eDirector de tesis.
856 _uhttp://10.13.5.2/tesis/111960.pdf
_zDESCARGAR PDF
901 _aBK
942 _cTD
_2Clasificación Universidad Autónoma Chapingo
949 _aTesis
_bBC
_cTES
_d33724002220132
_eTS2
_fc.2
_gDonaciØn
_h51785
_i111960
_sb
949 _aTesis
_bBC
_cTES
_d33724002220173
_eTS1
_gDonaciØn
_h51784
_i111960
_sb
999 _c100301
_d100301